Kumbh Mahākumbh : (Record no. 140589)

MARC details
000 -LEADER
fixed length control field 00685nam a22002057a 4500
005 - DATE AND TIME OF LATEST TRANSACTION
control field 20170530170506.0
010 ## - LCCN (DPL NO)
LC control number ENG-118468
020 ## - INTERNATIONAL STANDARD BOOK NUMBER
International Standard Book Number 9788182903883
Terms of availability 995.00
035 ## - SYSTEM CONTROL NUMBER
System control number EN-102000
037 ## - SOURCE OF ACQUISITION
Source of stock number/acquisition DBAD/PUB
082 ## - DEWEY DECIMAL CLASSIFICATION NUMBER
Classification number 230.64
245 ## - TITLE STATEMENT
Title Kumbh Mahākumbh :
Statement of responsibility, etc edited Ratnā Lāhiṛī,Vidya Niwas Mishra [and] Ram Naresh Tripathi
Remainder of title mythological, spiritual and practical /
260 ## - PUBLICATION, DISTRIBUTION, ETC. (IMPRINT)
Place of publication, distribution, etc Gurgaon
Name of publisher, distributor, etc Shubhi Publications
Date of publication, distribution, etc 2016
270 ## - ADDRESS
Address 479 Sector-14
City Gurgaon
Postal code 122001
300 ## - PHYSICAL DESCRIPTION
Extent 176p. :
Dimensions 24cm(Hb)
Other physical details ill (map)
700 ## - ADDED ENTRY--PERSONAL NAME
Personal name Lāhiṛī, Ratnā
700 ## - ADDED ENTRY--PERSONAL NAME
Personal name Mishra,Vidya Niwas
700 ## - ADDED ENTRY--PERSONAL NAME
Personal name Tripathi, Ram Naresh
942 ## - ADDED ENTRY ELEMENTS (KOHA)
Source of classification or shelving scheme Dewey Decimal Classification
Item type English Books
Call number suffix KUM
Classification part 230.64
Holdings
Withdrawn status Lost status Not for loan Collection code Home library Current library Date acquired Source of acquisition Cost, normal purchase price Full call number Barcode Copy number Cost, replacement price Koha item type
    Not For Loan Non-fiction D.B.Act.Division D.B.Act.Division 30/05/2017 DBAD/PUB 995.00 230.64 KUM EN-102000 1 995.00 English Books

© Delhi Public Library
Hit Counter
free hit counter